DISASTER MANAGEMENT (Record no. 7955)

MARC details
000 -LEADER
fixed length control field 00420nam a22001697a 4500
005 - DATE AND TIME OF LATEST TRANSACTION
control field 20230117111124.0
008 - FIXED-LENGTH DATA ELEMENTS--GENERAL INFORMATION
fixed length control field 220215b ||||| |||| 00| 0 eng d
020 ## - INTERNATIONAL STANDARD BOOK NUMBER
ISBN 9789331321763
041 ## - LANGUAGE CODE
Language code of text/sound track or separate title eng
082 ## - DEWEY DECIMAL CLASSIFICATION NUMBER
Classification number 658.477
Item number NAR-D
100 ## - MAIN ENTRY--AUTHOR NAME
Personal name NARYANAN , B
245 ## - TITLE STATEMENT
Title DISASTER MANAGEMENT
260 ## - PUBLICATION, DISTRIBUTION, ETC. (IMPRINT)
Place of publication NEW DELHI
Name of publisher A.P.H PUBLICATION
Year of publication 2019
300 ## - PHYSICAL DESCRIPTION
Number of Pages 301;P
650 ## - SUBJECT ADDED ENTRY--TOPICAL TERM
Topical Term PHARMACY
General subdivision B.PHARMA
942 ## - ADDED ENTRY ELEMENTS (KOHA)
Koha item type Books
Holdings
Lost status Damaged status Collection code Home library Current library Shelving location Date acquired Source of acquisition Cost, normal purchase price Full call number Accession Number Koha item type
    Reference JRU Library JRU Library SHELF-5-E 15/02/2022 PURCHASE 250.00 658.477 26516 Books
    PHARMACY JRU Library   SHELF -72- F 15/02/2022 PURCHASE 250.00 658.477 26517 Books